[Event "EU-chT Seniors 07th"]
[Site "Dresden"]
[Date "2005.02.24"]
[Round "7"]
[White "Klundt, Klaus"]
[Black "Boehlig, Heinz"]
[Result "1/2-1/2"]
[WhiteElo "2385"]
[BlackElo "2256"]
[EventDate "2005.02.18"]
[PlyCount "37"]

1.e4 c5 2.Nf3 e6 3.d4 cxd4 4.Nxd4 a6 5.Bd3 Qc7 6.O-O Nf6 7.Nc3 Nc6 8.Nxc6 
dxc6 9.Qe2 e5 10.Bg5 Be7 11.Nd1 O-O 12.Ne3 Re8 13.Rfd1 Be6 14.Bxf6 Bxf6 
15.Bc4 Bg5 16.Bxe6 Rxe6 17.Rd3 Bxe3 18.Qxe3 Rd8 19.Rad1 1/2-1/2

[Event "EU-chT Seniors 07th"]
[Site "Dresden"]
[Date "2005.02.24"]
[Round "7"]
[White "Krieger, Hermann"]
[Black "Walter, Guenter"]
[Result "1/2-1/2"]
[WhiteElo "2260"]
[BlackElo "2271"]
[EventDate "2005.02.18"]
[PlyCount "51"]

1.e4 c5 2.Nf3 Nc6 3.d4 cxd4 4.Nxd4 Nf6 5.Nc3 d6 6.Bg5 Bd7 7.Qd2 Rc8 8.
O-O-O Nxd4 9.Qxd4 Qa5 10.f4 Rxc3 11.bxc3 e5 12.Qd3 Qxa2 13.Be2 Bc6 14.Bf3 
Nd7 15.Kd2 Nc5 16.Qe2 f6 17.Bh4 Ba4 18.Ke1 Qxc2 19.Qxc2 Bxc2 20.Rd2 Bxe4 
21.fxe5 fxe5 22.Ke2 Bxf3+ 23.gxf3 Be7 24.Bf2 Rf8 25.Bxc5 dxc5 26.Rb2 
1/2-1/2

[Event "EU-chT Seniors 07th"]
[Site "Dresden"]
[Date "2005.02.24"]
[Round "7"]
[White "Krylov, Stanislav"]
[Black "Franz, Joachim"]
[Result "1-0"]
[WhiteElo "2234"]
[BlackElo "2209"]
[EventDate "2005.02.18"]
[PlyCount "81"]

1.c4 e5 2.g3 Nc6 3.Bg2 g6 4.Nc3 Bg7 5.Rb1 d6 6.b4 Nh6 7.d3 O-O 8.Nf3 Nf5 
9.O-O Bd7 10.Bg5 f6 11.Bd2 Rb8 12.b5 Ncd4 13.Ne1 c6 14.Ne4 Qc7 15.a4 Kh8 
16.Bb4 c5 17.Bd2 Ne7 18.e3 Ne6 19.f4 f5 20.Nc3 Qd8 21.Nf3 Qe8 22.Ne2 Qf7 
23.Bc3 exf4 24.gxf4 Ng8 25.Bxg7+ Qxg7 26.Qd2 Nf6 27.Rbe1 Rfe8 28.Nc3 Re7 
29.Nd5 Nxd5 30.cxd5 Nc7 31.e4 b6 32.e5 Nxd5 33.exd6 Rxe1 34.Rxe1 Qf6 35.
Ne5 Be6 36.Nc6 Rf8 37.d7 Bf7 38.Bxd5 Bxd5 39.Re8 Bxc6 40.bxc6 Qd4+ 41.Qe3 
1-0

[Event "EU-chT Seniors 07th"]
[Site "Dresden"]
[Date "2005.02.24"]
[Round "7"]
[White "Kuehn, Peter2"]
[Black "Harzer, Paul"]
[Result "1/2-1/2"]
[WhiteElo "2026"]
[BlackElo "2123"]
[EventDate "2005.02.18"]
[PlyCount "21"]

1.e4 d5 2.exd5 Nf6 3.d4 Bg4 4.Be2 Bxe2 5.Qxe2 Qxd5 6.Nf3 e6 7.O-O Bd6 8.c4
Qh5 9.Nc3 Nc6 10.Be3 O-O-O 11.h3 1/2-1/2

[Event "EU-chT Seniors 07th"]
[Site "Dresden"]
[Date "2005.02.24"]
[Round "7"]
[White "Kverndal, Leif"]
[Black "Zanger, Konrad"]
[Result "1-0"]
[WhiteElo "1948"]
[BlackElo "1603"]
[EventDate "2005.02.18"]
[PlyCount "140"]

1.d4 Nf6 2.Nf3 d5 3.g3 g6 4.Bg2 Bg7 5.O-O O-O 6.c4 e6 7.Nc3 c6 8.Bg5 h6 9.
Bf4 Nh5 10.Bc1 Nd7 11.b3 Nhf6 12.Ba3 Re8 13.Rc1 Bf8 14.Bxf8 Kxf8 15.Ne5 
Kg7 16.f4 h5 17.e3 Nb6 18.c5 Nbd7 19.b4 Rf8 20.a4 Nxe5 21.fxe5 Ng4 22.Qe2 
Qg5 23.Rf3 Bd7 24.Rcf1 f5 25.b5 a6 26.b6 Rh8 27.h4 Qe7 28.e4 Nh6 29.exd5 
cxd5 30.Qd2 Rhf8 31.Rf4 Qe8 32.Bxd5 Rb8 33.Bb3 Bc6 34.Qa2 Bd7 35.Re1 Qc8 
36.Qa3 Ng4 37.Qb4 Re8 38.a5 Bc6 39.Bd1 Qd7 40.Bxg4 hxg4 41.Rf2 Rbd8 42.Rd2
Qe7 43.Ne2 g5 44.hxg5 Qxg5 45.Nf4 Re7 46.Rh2 Rh8 47.Ree2 Rxh2 48.Rxh2 Kf7 
49.Rh5 Qg8 50.Qb2 Ke8 51.Qb3 Kd7 52.Qb2 Kd8 53.Qh2 Be8 54.Rh4 Kd7 55.Rh6 
Bf7 56.Rh4 Kd8 57.Qa2 Be8 58.Rh6 Bd7 59.c6 Bxc6 60.Nxe6+ Rxe6 61.Qxe6 Qxe6
62.Rxe6 Be4 63.Kf2 Kd7 64.Rd6+ Ke7 65.Ke3 Bc2 66.Kf4 Bb1 67.Rh6 Be4 68.Rf6
Bf3 69.Rxf5 Ke6 70.Rf6+ Ke7 1-0

[Event "EU-chT Seniors 07th"]
[Site "Dresden"]
[Date "2005.02.24"]
[Round "7"]
[White "MacDonald Ross, Michael"]
[Black "Shapiro, Yosip"]
[Result "1-0"]
[WhiteElo "2195"]
[BlackElo "2123"]
[EventDate "2005.02.18"]
[PlyCount "105"]

1.d4 Nf6 2.Nf3 d5 3.e3 Bf5 4.c4 e6 5.Qb3 Qc8 6.Nc3 c6 7.Bd2 Bd6 8.Rc1 Nbd7
9.cxd5 exd5 10.Nb5 Bc7 11.Nxc7+ Qxc7 12.Bb4 Qb6 13.Qa3 a5 14.Be7 c5 15.
Bxc5 Nxc5 16.Rxc5 Qb4+ 17.Qc3 O-O 18.Be2 b6 19.a3 Qxc3+ 20.Rxc3 Rfc8 21.
O-O Ne4 22.Rcc1 Bg4 23.Rfd1 f6 24.Kf1 Kf8 25.Ke1 Ke7 26.Nd2 Bxe2 27.Kxe2 
Nd6 28.a4 Kd7 29.Kd3 f5 30.f3 Rab8 31.b3 b5 32.Rc5 bxa4 33.bxa4 Rxc5 34.
dxc5 Nc4 35.Nxc4 dxc4+ 36.Kxc4+ Kc6 37.Rd6+ Kc7 38.Kc3 Rb4 39.Rd4 Rb1 40.
g4 Rc1+ 41.Kd3 Kc6 42.gxf5 Kxc5 43.Rg4 Rd1+ 44.Kc3 Rc1+ 45.Kd2 Rh1 46.Rxg7
Rxh2+ 47.Kd3 h5 48.Rd7 Rh1 49.Rd4 Rb1 50.f6 Rb7 51.Ke4 h4 52.Kf5 Rb3 53.f7
1-0

[Event "EU-chT Seniors 07th"]
[Site "Dresden"]
[Date "2005.02.24"]
[Round "7"]
[White "Montell Zabay, Albert"]
[Black "Karl, Hans"]
[Result "1/2-1/2"]
[WhiteElo "2121"]
[BlackElo "2284"]
[EventDate "2005.02.18"]
[PlyCount "45"]

1.e4 e5 2.Nf3 Nc6 3.Bb5 a6 4.Ba4 Nf6 5.O-O Nxe4 6.d4 b5 7.Bb3 d5 8.Nxe5 
Nxe5 9.dxe5 c6 10.Be3 Be7 11.c3 O-O 12.Nd2 Bf5 13.Bc2 Nxd2 14.Qxd2 Qd7 15.
a4 Qe6 16.f4 f6 17.Bxf5 Qxf5 18.exf6 Bxf6 19.Bd4 Rfe8 20.Rfe1 Rxe1+ 21.
Rxe1 bxa4 22.Bxf6 Qxf6 23.Ra1 1/2-1/2

[Event "EU-chT Seniors 07th"]
[Site "Dresden"]
[Date "2005.02.24"]
[Round "7"]
[White "Morgner, Siegfried"]
[Black "Haug, Kjell Martin"]
[Result "1-0"]
[WhiteElo "1964"]
[BlackElo "1985"]
[EventDate "2005.02.18"]
[PlyCount "69"]

1.Nf3 Nf6 2.d4 g6 3.c4 Bg7 4.Nc3 d6 5.e4 O-O 6.Be2 Nbd7 7.h3 e5 8.d5 Nc5 
9.Qc2 Bd7 10.b4 Na6 11.a3 c6 12.dxc6 bxc6 13.c5 Bc8 14.Qa4 Nb8 15.cxd6 
Qxd6 16.O-O Nfd7 17.Be3 Qc7 18.Rac1 Nb6 19.Qa5 Nd5 20.Nxd5 Qxa5 21.Ne7+ 
Kh8 22.bxa5 Bd7 23.Bc5 Re8 24.Bd6 Bf6 25.Bxb8 Raxb8 26.Nxc6 Rb3 27.Rfd1 
Be6 28.Bc4 Rxa3 29.Bxe6 Rxe6 30.Rd7 Ra4 31.Rxf7 Rxe4 32.Rxa7 Ra4 33.Nfxe5 
Re8 34.Nf7+ Kg8 35.Nh6+ 1-0

[Event "EU-chT Seniors 07th"]
[Site "Dresden"]
[Date "2005.02.24"]
[Round "7"]
[White "Mueller Using, Detlev"]
[Black "Lenk, Wolfgang"]
[Result "0-1"]
[WhiteElo "2062"]
[BlackElo "2193"]
[EventDate "2005.02.18"]
[PlyCount "56"]

1.e4 d6 2.d4 Nf6 3.Nc3 g6 4.f4 Bg7 5.Nf3 O-O 6.Be2 c5 7.d5 b5 8.Bxb5 Nxe4 
9.Nxe4 Qa5+ 10.c3 Qxb5 11.Nf2 Ba6 12.Qc2 Nd7 13.Be3 Qc4 14.O-O-O Qxa2 15.
b3 Qa5 16.Kb2 Rab8 17.Ra1 Qb5 18.Ra3 Nb6 19.Kc1 Nxd5 20.c4 Qb4 21.Rxa6 
Nxe3 22.Qd3 Qxb3 23.Qxb3 Rxb3 24.Rxa7 Rc3+ 25.Kd2 Nxc4+ 26.Ke2 Re3+ 27.Kf1
Rb8 28.Ra1 Bxa1 0-1

[Event "EU-chT Seniors 07th"]
[Site "Dresden"]
[Date "2005.02.24"]
[Round "7"]
[White "Packroff, Hermann"]
[Black "Hampel, Johannes"]
[Result "1/2-1/2"]
[WhiteElo "2262"]
[BlackElo "2188"]
[EventDate "2005.02.18"]
[PlyCount "30"]

1.d4 d5 2.Nf3 Nf6 3.c4 e6 4.Nc3 Be7 5.Bg5 O-O 6.e3 h6 7.Bh4 b6 8.Qc2 c5 9.
cxd5 Nxd5 10.Bxe7 Qxe7 11.Nxd5 exd5 12.dxc5 Qxc5 13.Rc1 Nd7 14.Be2 Bb7 15.
O-O Rac8 1/2-1/2

[Event "EU-chT Seniors 07th"]
[Site "Dresden"]
[Date "2005.02.24"]
[Round "7"]
[White "Pemberton, Clive H"]
[Black "Rotelli, Pietro"]
[Result "1-0"]
[WhiteElo "2025"]
[BlackElo "2005"]
[EventDate "2005.02.18"]
[PlyCount "73"]

1.e4 c6 2.d4 d5 3.exd5 cxd5 4.c4 Nf6 5.Nc3 e6 6.Nf3 Nc6 7.Bf4 Bd6 8.Ne5 
O-O 9.Be2 dxc4 10.Bxc4 Nd5 11.Bg3 Nxc3 12.bxc3 Bxe5 13.Bxe5 Nxe5 14.dxe5 
Qc7 15.Qd4 Rd8 16.Qe4 Bd7 17.O-O Bc6 18.Qf4 b5 19.Be2 f6 20.c4 b4 21.Bg4 
f5 22.Be2 Rac8 23.Rad1 Rxd1 24.Rxd1 Rd8 25.Rd6 Rxd6 26.exd6 Qd7 27.c5 a5 
28.Bc4 Bb5 29.h3 Bxc4 30.Qxc4 Kf7 31.Qa6 Qa4 32.Qb7+ Kg6 33.Qe7 Qd1+ 34.
Kh2 Qe2 35.f4 Qe4 36.Qg5+ Kf7 37.d7 1-0

[Event "EU-chT Seniors 07th"]
[Site "Dresden"]
[Date "2005.02.24"]
[Round "7"]
[White "Pipitone, Antonio"]
[Black "Flockhart, Hugh"]
[Result "1-0"]
[WhiteElo "2054"]
[BlackElo "1934"]
[EventDate "2005.02.18"]
[PlyCount "73"]

1.e4 d5 2.exd5 Nf6 3.d4 Bg4 4.Be2 Bxe2 5.Nxe2 Qxd5 6.O-O e6 7.Nd2 Bd6 8.c4
Qh5 9.Nf3 c6 10.Bf4 Bxf4 11.Nxf4 Qa5 12.Nd3 Nbd7 13.Re1 O-O 14.a3 Rad8 15.
b4 Qc7 16.Qd2 h6 17.h3 Rfe8 18.Qe3 a6 19.Rac1 Qd6 20.Nde5 Nf8 21.c5 Qc7 
22.Nc4 Nd5 23.Qe4 Qf4 24.Qc2 Ng6 25.Re4 Qf6 26.Nd6 Re7 27.Rce1 Nf8 28.Ne5 
Rc7 29.Rg4 Kh8 30.Rg3 Ng6 31.Nxg6+ fxg6 32.Rxg6 Qxd4 33.Rgxe6 Nf6 34.Qg6 
Qd5 35.Nf7+ Rxf7 36.Qxf7 Kh7 37.Rxf6 1-0

[Event "EU-chT Seniors 07th"]
[Site "Dresden"]
[Date "2005.02.24"]
[Round "7"]
[White "Potthammel, Joerg"]
[Black "Duemmke, Juergen"]
[Result "1/2-1/2"]
[WhiteElo "2104"]
[BlackElo "2136"]
[EventDate "2005.02.18"]
[PlyCount "41"]

1.e4 d5 2.exd5 Nf6 3.c4 e6 4.dxe6 Bxe6 5.Nf3 Nc6 6.d4 Bb4+ 7.Nc3 Ne4 8.Qc2
Bf5 9.Bd3 Nxd4 10.Nxd4 Qxd4 11.O-O Bxc3 12.bxc3 Qe5 13.Re1 O-O-O 14.Ba3 
Qf4 15.Bxe4 Rd2 16.Bxf5+ Kb8 17.Qe4 Qxf2+ 18.Kh1 g6 19.Bh3 Rhd8 20.Qf3 Qh4
21.Be7 1/2-1/2

[Event "EU-chT Seniors 07th"]
[Site "Dresden"]
[Date "2005.02.24"]
[Round "7"]
[White "Reinholz, Siegfried"]
[Black "Mueckan, Friedbert"]
[Result "1/2-1/2"]
[WhiteElo "2098"]
[BlackElo "2051"]
[EventDate "2005.02.18"]
[PlyCount "32"]

1.e4 e6 2.d4 d5 3.Nc3 Bb4 4.exd5 exd5 5.Bd3 Qe7+ 6.Qe2 c6 7.Bg5 Qxe2+ 8.
Nxe2 Ne7 9.O-O O-O 10.Ng3 h6 11.Bxe7 Bxe7 12.f4 Bf6 13.Nce2 Bg4 14.c3 Bxe2
15.Bxe2 Nd7 16.Bf3 Rfe8 1/2-1/2

[Event "EU-chT Seniors 07th"]
[Site "Dresden"]
[Date "2005.02.24"]
[Round "7"]
[White "Reuben, Stewart"]
[Black "Lieb, Harald"]
[Result "0-1"]
[WhiteElo "2147"]
[BlackElo "2276"]
[EventDate "2005.02.18"]
[PlyCount "66"]

1.c4 f5 2.Nc3 Nf6 3.d4 g6 4.Qc2 Bg7 5.e4 fxe4 6.Nxe4 Nxe4 7.Qxe4 d6 8.Nf3 
Nc6 9.a3 O-O 10.Be2 Bf5 11.Qh4 e5 12.Bg5 Qd7 13.dxe5 Nxe5 14.O-O Nf7 15.
Bf6 Bxf6 16.Qxf6 Rae8 17.Nd4 Nd8 18.Qg5 Nc6 19.Nxf5 Rxe2 20.Nh6+ Kg7 21.b4
Re5 22.Qd2 Rh5 23.b5 Ne7 24.Rae1 Rxh6 25.Re4 Rh5 26.Rfe1 Nc8 27.Qc3+ Kg8 
28.g4 Rc5 29.h4 d5 30.Rd4 Qf7 31.Qd2 Rxc4 32.Rxd5 Rxg4+ 33.Kf1 Rxh4 0-1

[Event "EU-chT Seniors 07th"]
[Site "Dresden"]
[Date "2005.02.24"]
[Round "7"]
[White "Rodriguez Vargas, Orestes"]
[Black "Kortschnoj, Viktor"]
[Result "1-0"]
[WhiteElo "2439"]
[BlackElo "2617"]
[EventDate "2005.02.18"]
[PlyCount "111"]

1.d4 Nf6 2.Nf3 e6 3.e3 c5 4.Bd3 d5 5.b3 Qa5+ 6.c3 Nc6 7.O-O Be7 8.Bb2 O-O 
9.Nbd2 Qc7 10.c4 dxc4 11.bxc4 Rd8 12.Qe2 b6 13.Rac1 Bb7 14.Rfd1 g6 15.Bb1 
Rd7 16.dxc5 bxc5 17.Nb3 Rxd1+ 18.Rxd1 Ne8 19.Be4 a5 20.a3 a4 21.Nbd2 Bf6 
22.Bxf6 Nxf6 23.Bc2 Ne5 24.Rb1 Bc6 25.h3 Rd8 26.e4 Rb8 27.Rxb8+ Qxb8 28.
Qe3 Nxf3+ 29.Nxf3 Nd7 30.Qc3 Qc7 31.g3 e5 32.h4 f6 33.g4 h6 34.g5 fxg5 35.
hxg5 h5 36.Qd2 Kf7 37.Qd1 Nb6 38.Bd3 Qd6 39.Qb1 Nd7 40.Bf1 Qe6 41.Nh2 Ke7 
42.Qe1 Qf7 43.Qe3 Qf4 44.Bd3 Kd6 45.Nf3 Qg4+ 46.Kh2 Kc7 47.Bc2 Kb6 48.Bd3 
h4 49.Bc2 Kc7 50.Ne1 Kd6 51.Nf3 h3 52.Ne1 Nb6 53.Bd3 Qd1 54.Nf3 Qa1 55.Be2
Bd7 56.Qd2+ 1-0

[Event "EU-chT Seniors 07th"]
[Site "Dresden"]
[Date "2005.02.24"]
[Round "7"]
[White "Rovenski, Evjenij"]
[Black "Wheeler, John Francis"]
[Result "1-0"]
[WhiteElo "2275"]
[BlackElo "2220"]
[EventDate "2005.02.18"]
[PlyCount "95"]

1.c4 c6 2.Qa4 Nf6 3.Nc3 g6 4.g3 Bg7 5.Bg2 O-O 6.e4 d6 7.Nge2 e5 8.O-O Nbd7
9.d3 Nc5 10.Qc2 Ne6 11.h3 Bd7 12.Kh2 b5 13.f4 b4 14.Nd1 Rb8 15.f5 Nd4 16.
Nxd4 exd4 17.Bf4 Ne8 18.c5 Be5 19.cxd6 Bxf4 20.Rxf4 g5 21.Rf1 Qf6 22.b3 
Nxd6 23.Qc5 Rfe8 24.Nb2 Rb6 25.Rae1 Qe5 26.Na4 Rb7 27.Rc1 a6 28.Qxe5 Rxe5 
29.Nc5 Rc7 30.Nxd7 Rxd7 31.Rxc6 Ra5 32.Rf2 f6 33.Rb6 Kf7 34.Rxb4 Nb5 35.a4
Nc3 36.Bf3 Rc5 37.h4 h6 38.Kh3 a5 39.Rb6 Nb1 40.hxg5 hxg5 41.Bh5+ Kg7 42.
Be8 Rdc7 43.Bb5 Rc1 44.Re6 Rf7 45.e5 Nc3 46.Bc4 Rf8 47.Re7+ Kh6 48.Rh2 1-0

[Event "EU-chT Seniors 07th"]
[Site "Dresden"]
[Date "2005.02.24"]
[Round "7"]
[White "Rudnik, Heinz"]
[Black "Wiemer, Juergen"]
[Result "1-0"]
[WhiteElo "2212"]
[BlackElo "2140"]
[EventDate "2005.02.18"]
[PlyCount "81"]

1.Nf3 Nf6 2.c4 c5 3.g3 b6 4.Bg2 Bb7 5.Nc3 g6 6.O-O Bg7 7.d3 O-O 8.Bd2 Na6 
9.Qc1 d5 10.cxd5 Nxd5 11.Bh6 f6 12.Ne4 Nac7 13.h4 e5 14.Nh2 f5 15.Bxg7 
Kxg7 16.Nd2 Qf6 17.Nc4 Ne6 18.e3 Nec7 19.a3 f4 20.b4 cxb4 21.axb4 a6 22.
Ng4 Qe6 23.Ngxe5 fxe3 24.f4 Nb5 25.Qb2 Kg8 26.Kh2 Rac8 27.Rfe1 Nxf4 28.
gxf4 Bxg2 29.Qxg2 Rxf4 30.Rxe3 Rxh4+ 31.Kg1 Nd4 32.Qg5 Rf8 33.Qxh4 Nf5 34.
Qh3 b5 35.Ng4 Qd5 36.Rf1 bxc4 37.Nh6+ Kh8 38.Nxf5 gxf5 39.Qf3 Qd4 40.Qf4 
Rg8+ 41.Kh1 1-0

[Event "EU-chT Seniors 07th"]
[Site "Dresden"]
[Date "2005.02.24"]
[Round "7"]
[White "Sattler, Franz"]
[Black "Chaikovskaia, Alla"]
[Result "0-1"]
[WhiteElo "2044"]
[BlackElo "2031"]
[EventDate "2005.02.18"]
[PlyCount "76"]

1.Nf3 f5 2.c4 Nf6 3.g3 e6 4.Bg2 d6 5.d4 g6 6.O-O Bg7 7.Nc3 O-O 8.Qc2 d5 9.
Bf4 c6 10.c5 Nbd7 11.Bd6 Re8 12.e3 b6 13.b4 bxc5 14.bxc5 Bf8 15.Bxf8 Kxf8 
16.Qa4 Qc7 17.Nd2 a5 18.Rfe1 Ba6 19.Bf1 Bxf1 20.Nxf1 e5 21.Rab1 exd4 22.
exd4 Ne4 23.Nxe4 fxe4 24.Rb3 Reb8 25.f3 Rxb3 26.Qxb3 Rb8 27.Qe3 Nf6 28.Nd2
Re8 29.fxe4 dxe4 30.Nc4 Kg7 31.Ne5 Rb8 32.Rf1 Rf8 33.Qb3 Nd5 34.Rxf8 Kxf8 
35.Qa4 Ne7 36.Nc4 Qd7 37.Nxa5 e3 38.Nb3 Qf5 0-1

[Event "EU-chT Seniors 07th"]
[Site "Dresden"]
[Date "2005.02.24"]
[Round "7"]
[White "Schenk, Dieter"]
[Black "Betz, Egon"]
[Result "0-1"]
[WhiteElo "2000"]
[BlackElo "2031"]
[EventDate "2005.02.18"]
[PlyCount "34"]

1.e4 c5 2.c3 d6 3.d4 Nf6 4.f3 Qc7 5.Be3 e5 6.Na3 a6 7.Nc2 Be7 8.Ne2 h5 9.
a4 b6 10.d5 Nbd7 11.c4 Nf8 12.h4 Ng6 13.Qd2 Ng8 14.g3 Nh6 15.f4 f5 16.fxe5
Nxe5 17.Nf4 Nf3+ 0-1

[Event "EU-chT Seniors 07th"]
[Site "Dresden"]
[Date "2005.02.24"]
[Round "7"]
[White "Schenk, Manfred"]
[Black "Kelchner, Hans"]
[Result "1/2-1/2"]
[WhiteElo "2177"]
[BlackElo "2149"]
[EventDate "2005.02.18"]
[PlyCount "62"]

1.e4 d5 2.exd5 Qxd5 3.Nc3 Qa5 4.d4 c6 5.Nf3 Nf6 6.Bd3 Bg4 7.O-O e6 8.h3 
Bh5 9.Bf4 Be7 10.Ne4 Nxe4 11.Bxe4 Nd7 12.c3 Nf6 13.Bd3 O-O 14.g4 Bg6 15.
Ne5 c5 16.Nxg6 hxg6 17.dxc5 Qxc5 18.Qb3 Nd5 19.Bg3 Bd6 20.Bxd6 Qxd6 21.
Rfd1 Qc5 22.Qc4 Qb6 23.Rd2 Rac8 24.Qb5 Qc7 25.Rad1 a6 26.Qa4 Rfd8 27.Bf1 
Nb6 28.Rxd8+ Rxd8 29.Rxd8+ Qxd8 30.Qb4 Qc7 31.Bg2 Nd5 1/2-1/2

[Event "EU-chT Seniors 07th"]
[Site "Dresden"]
[Date "2005.02.24"]
[Round "7"]
[White "Schmidt, Wolfgang3"]
[Black "Turikov, Viktor"]
[Result "0-1"]
[WhiteElo "2317"]
[BlackElo "2351"]
[EventDate "2005.02.18"]
[PlyCount "72"]

1.d4 e6 2.c4 b6 3.Nc3 Bb7 4.Nf3 Nf6 5.Qc2 Bb4 6.a3 Bxc3+ 7.Qxc3 O-O 8.g3 
c5 9.dxc5 Ne4 10.Qc2 bxc5 11.Bg2 Qa5+ 12.Nd2 Nd6 13.O-O Bxg2 14.Kxg2 Nc6 
15.e3 Qa6 16.b3 Qb7 17.f3 Nf5 18.Ne4 Qb6 19.Rd1 Rfd8 20.g4 Nh4+ 21.Kg3 Ng6
22.Rb1 Qc7+ 23.f4 d6 24.Bb2 Qe7 25.g5 d5 26.Qc3 d4 27.Qe1 f5 28.gxf6 gxf6 
29.b4 f5 30.Nxc5 e5 31.exd4 Nxf4 32.Qf1 Qg5+ 33.Kf2 exd4 34.Nd3 Rd6 35.Qh1
Qh4+ 36.Kf3 Qh3+ 0-1

[Event "EU-chT Seniors 07th"]
[Site "Dresden"]
[Date "2005.02.24"]
[Round "7"]
[White "Schroeter, Helmut"]
[Black "Just, Joachim"]
[Result "1/2-1/2"]
[WhiteElo "1969"]
[BlackElo "2159"]
[EventDate "2005.02.18"]
[PlyCount "37"]

1.f4 d5 2.Nf3 c6 3.g3 Qb6 4.Bg2 Bf5 5.e3 Nf6 6.Nc3 Na6 7.d3 e6 8.Qe2 Be7 
9.h3 h5 10.Rb1 Nc5 11.Bd2 Qa6 12.Kf2 Nxd3+ 13.cxd3 Bxd3 14.Qe1 Bxb1 15.
Qxb1 Bb4 16.Ne5 Bd6 17.Nf3 Bb4 18.Ne5 Bd6 19.Nf3 1/2-1/2

[Event "EU-chT Seniors 07th"]
[Site "Dresden"]
[Date "2005.02.24"]
[Round "7"]
[White "Schwier, Manfred"]
[Black "Johannessen, Svein"]
[Result "0-1"]
[WhiteElo "2142"]
[BlackElo "2291"]
[EventDate "2005.02.18"]
[PlyCount "84"]

1.e4 c6 2.f4 d5 3.e5 Bf5 4.Nf3 e6 5.d4 c5 6.Bb5+ Nc6 7.c3 Qb6 8.Qa4 c4 9.
O-O a6 10.Bxc6+ bxc6 11.Nbd2 Ne7 12.Rf2 h5 13.Nf1 Bd3 14.Ng5 Nf5 15.Ne3 
Be7 16.Nxf5 Bxf5 17.Be3 Rb8 18.b4 cxb3 19.axb3 f6 20.Nf3 Qxb3 21.Qxc6+ Kf7
22.Bd2 Rb6 23.Qa4 Qxa4 24.Rxa4 Rb1+ 25.Rf1 Rhb8 26.Rxb1 Rxb1+ 27.Kf2 Bd3 
28.Ke3 Bb5 29.Ra2 Bc4 30.Ra5 Ke8 31.exf6 gxf6 32.Ne1 Kd7 33.Nc2 Rb3 34.Ra1
Kc6 35.Be1 Kb5 36.Kd2 a5 37.Kc1 a4 38.Bd2 Bd3 39.Rb1 Rxb1+ 40.Kxb1 a3 41.
Kc1 a2 42.c4+ Kxc4 0-1

[Event "EU-chT Seniors 07th"]
[Site "Dresden"]
[Date "2005.02.24"]
[Round "7"]
[White "Stavenhagen, Johannes"]
[Black "Strand, Karl W"]
[Result "1/2-1/2"]
[WhiteElo "1848"]
[BlackElo "1838"]
[EventDate "2005.02.18"]
[PlyCount "21"]

1.d4 d5 2.c4 e6 3.Nc3 Nf6 4.Bg5 Nbd7 5.cxd5 exd5 6.e3 c6 7.Bd3 Bd6 8.Nge2 
O-O 9.Qc2 h6 10.Bh4 Re8 11.Bg3 1/2-1/2

[Event "EU-chT Seniors 07th"]
[Site "Dresden"]
[Date "2005.02.24"]
[Round "7"]
[White "Stuerzenbaum, Arthur"]
[Black "Alexandria, Nana"]
[Result "1/2-1/2"]
[WhiteElo "2202"]
[BlackElo "2336"]
[EventDate "2005.02.18"]
[PlyCount "92"]

1.e4 c5 2.Nf3 d6 3.d4 cxd4 4.Qxd4 Nc6 5.Bb5 Bd7 6.Bxc6 Bxc6 7.c4 Nf6 8.Nc3
g6 9.O-O Bg7 10.Qd3 O-O 11.Be3 Qa5 12.Bd4 Rac8 13.Nd5 Rfe8 14.a4 Bxd5 15.
exd5 a6 16.Nd2 Nd7 17.Bxg7 Kxg7 18.Rfc1 Ne5 19.Qc3 Qxc3 20.Rxc3 Rc7 21.
Rac1 Rec8 22.f4 Ng4 23.Ne4 Nf6 24.Nxf6 Kxf6 25.Kf2 e6 26.dxe6 fxe6 27.Ke3 
Kf5 28.a5 Rc6 29.h3 h5 30.g3 b6 31.axb6 Rxb6 32.Ra1 Rc5 33.Ra2 g5 34.fxg5 
Kxg5 35.Kd3 Rf5 36.Ke3 a5 37.Rca3 Rb8 38.Kd4 h4 39.gxh4+ Kxh4 40.Re3 Rf4+ 
41.Kc3 Rc8 42.b3 d5 43.Rxe6 dxc4 44.bxc4 Rcxc4+ 45.Kd3 Ra4 46.Rxa4 Rxa4 
1/2-1/2

[Event "EU-chT Seniors 07th"]
[Site "Dresden"]
[Date "2005.02.24"]
[Round "7"]
[White "Taksrud, Vidar"]
[Black "Simmchen, Werner"]
[Result "1-0"]
[WhiteElo "2025"]
[BlackElo "2125"]
[EventDate "2005.02.18"]
[PlyCount "89"]

1.d4 e6 2.Nf3 f5 3.g3 Nf6 4.Bg2 d6 5.O-O Be7 6.Nc3 O-O 7.Bg5 Nbd7 8.a4 c6 
9.a5 e5 10.dxe5 dxe5 11.a6 h6 12.axb7 Bxb7 13.Bxf6 Rxf6 14.e3 a5 15.Qb1 
Qc7 16.Rd1 g5 17.Qa2+ Kg7 18.Rd2 g4 19.Ne1 Bb4 20.Rad1 Nf8 21.Nd3 Rd6 22.
Nxb4 Rxd2 23.Rxd2 axb4 24.Na4 Qa5 25.b3 Rb8 26.Qa1 Kf7 27.Bf1 Ke7 28.Bc4 
Rd8 29.Rxd8 Kxd8 30.e4 fxe4 31.Qd1+ Nd7 32.Qxg4 c5 33.Be6 Bc6 34.Bxd7 Bxd7
35.Qxe4 Bxa4 36.bxa4 Qxa4 37.Qd5+ Qd7 38.Qxc5 Qd1+ 39.Kg2 Qd4 40.Qf8+ Kc7 
41.Qg7+ Kc6 42.Qxh6+ Kc5 43.Qf8+ Kd5 44.h4 Kc4 45.Qc8+ 1-0

[Event "EU-chT Seniors 07th"]
[Site "Dresden"]
[Date "2005.02.24"]
[Round "7"]
[White "Thiessen, Klaus Hinrich"]
[Black "Mann, Klaus Dieter"]
[Result "1/2-1/2"]
[WhiteElo "2237"]
[BlackElo "2077"]
[EventDate "2005.02.18"]
[PlyCount "90"]

1.d4 Nf6 2.c4 g6 3.Nc3 Bg7 4.Bg5 d6 5.e3 O-O 6.f4 c6 7.Nf3 Na6 8.Be2 Nc7 
9.O-O Ng4 10.Qd2 f5 11.Bd3 Nf6 12.Rac1 a6 13.a4 b6 14.Rfe1 c5 15.d5 Bd7 
16.b3 Nce8 17.Re2 Ra7 18.Rce1 Bc8 19.Bh4 Bh6 20.Bg5 Bg7 21.e4 fxe4 22.Nxe4
Nxe4 23.Bxe4 Nf6 24.h3 Kh8 25.Bd3 Rb7 26.Nh4 Ng8 27.Qc2 Bf6 28.Bxf6+ Rxf6 
29.Qc3 Qf8 30.g4 Qg7 31.Ng2 Rf7 32.Qxg7+ Kxg7 33.Kh2 Bd7 34.g5 b5 35.axb5 
axb5 36.Ra1 Rf8 37.Kg3 Rfb8 38.Ne3 bxc4 39.Bxc4 Bb5 40.Kg4 Bxc4 41.bxc4 
Rb3 42.Ra7 Rf8 43.h4 h5+ 44.Kf3 Rd3 45.Ra4 Rf7 1/2-1/2

[Event "EU-chT Seniors 07th"]
[Site "Dresden"]
[Date "2005.02.24"]
[Round "7"]
[White "Uhlmann, Wolfgang"]
[Black "Boehnisch, Manfred"]
[Result "1/2-1/2"]
[WhiteElo "2420"]
[BlackElo "2364"]
[EventDate "2005.02.18"]
[PlyCount "126"]

1.c4 c6 2.d4 d5 3.Nf3 Nf6 4.Nc3 dxc4 5.a4 Bf5 6.e3 e6 7.Bxc4 Bb4 8.O-O 
Nbd7 9.Bd2 a5 10.Ne2 Bxd2 11.Nxd2 O-O 12.Ng3 Bg6 13.Qb3 Qb6 14.Qxb6 Nxb6 
15.Rfc1 Nfd5 16.Bxd5 Nxd5 17.Nc4 Nb4 18.Ne5 f6 19.Nxg6 hxg6 20.Ne4 b6 21.
Kf1 g5 22.Nc3 Rfc8 23.Na2 Nxa2 24.Rxa2 Kf7 25.Ra3 Ke7 26.h3 Kd6 27.Rac3 
Rc7 28.Ke2 Rac8 29.Kd3 e5 30.Rb3 Rb8 31.dxe5+ Kxe5 32.Rc5+ Ke6 33.Ke2 Rbb7
34.Rc4 c5 35.Rd3 Rd7 36.Rcc3 Rxd3 37.Kxd3 Kd5 38.e4+ Kc6 39.Kc4 Re7 40.f3 
g6 41.Rd3 f5 42.b3 g4 43.exf5 gxh3 44.gxh3 gxf5 45.Rd5 Rh7 46.Rxf5 Rh4+ 
47.f4 Rxh3 48.Rf6+ Kc7 49.Rf8 Kd6 50.Rd8+ Kc7 51.Rd3 Rh4 52.Rf3 Kc6 53.Rf2
Rg4 54.Rf3 Rh4 55.Kd3 Kd5 56.f5 c4+ 57.bxc4+ Rxc4 58.f6 Rd4+ 59.Kc3 Rc4+ 
60.Kb3 Rc8 61.f7 Rf8 62.Rf6 Kd4 63.Rf1 Kd5 1/2-1/2

[Event "EU-chT Seniors 07th"]
[Site "Dresden"]
[Date "2005.02.24"]
[Round "7"]
[White "Villing, Dieter"]
[Black "Baumgartner, Heinz"]
[Result "1/2-1/2"]
[WhiteElo "2211"]
[BlackElo "2338"]
[EventDate "2005.02.18"]
[PlyCount "68"]

1.e4 e5 2.Bc4 Bc5 3.Nf3 Nc6 4.c3 Qe7 5.d3 Nf6 6.b4 Bb6 7.a4 a6 8.Be3 Ba7 
9.Nbd2 d6 10.Qb3 O-O 11.O-O Kh8 12.Ng5 Bxe3 13.fxe3 Nd8 14.Ndf3 h6 15.Nh3 
Ng4 16.Rae1 Be6 17.Nf2 Nxf2 18.Rxf2 c6 19.a5 Bxc4 20.Qxc4 Qe6 21.Ref1 d5 
22.Qc5 Re8 23.Nd2 Qe7 24.Qb6 Rc8 25.Nb3 f6 26.Nc5 Qc7 27.Qxc7 Rxc7 28.exd5
cxd5 29.d4 Nf7 30.dxe5 Rxe5 31.Rd1 Nd6 32.Rfd2 Ne4 33.Nxe4 Rxe4 34.Rd3 
Rec4 1/2-1/2

[Event "EU-chT Seniors 07th"]
[Site "Dresden"]
[Date "2005.02.24"]
[Round "7"]
[White "Vucenovic, Dragomir"]
[Black "Dominguez Rueda, Juan"]
[Result "1-0"]
[WhiteElo "2277"]
[BlackElo "2138"]
[EventDate "2005.02.18"]
[PlyCount "107"]

1.d4 Nf6 2.Nf3 e6 3.g3 c5 4.Bg2 Nc6 5.O-O cxd4 6.Nxd4 a6 7.c4 Qc7 8.Nc2 d6
9.b3 Be7 10.Bb2 O-O 11.e4 b6 12.Nc3 Bb7 13.Ne3 Rac8 14.Rc1 Qb8 15.Qd2 Rc7 
16.Rfe1 Bc8 17.Qc2 Ne5 18.Qe2 Ned7 19.f4 Ra7 20.a3 Re8 21.g4 Nf8 22.g5 
N6d7 23.Rcd1 d5 24.e5 Ng6 25.Qg4 dxc4 26.Nxc4 Bb7 27.b4 Bxg2 28.Kxg2 Qa8+ 
29.Kg3 Rc8 30.Ne3 Rac7 31.Rc1 b5 32.Qf3 Qb8 33.Ne2 Rxc1 34.Rxc1 Nb6 35.Rc6
Nc4 36.Nxc4 bxc4 37.Nd4 Bf8 38.Rxc8 Qxc8 39.Qc6 Qb8 40.Qxc4 h6 41.gxh6 Qd8
42.Nf3 gxh6 43.Bd4 Ne7 44.Bf2 Qd1 45.Qxa6 Qc2 46.Nd4 Qg6+ 47.Kf3 Nd5 48.
Bg3 Qh5+ 49.Kf2 Qd1 50.Ne2 Qb3 51.Qa7 h5 52.Ng1 Nc3 53.Kg2 Ne4 54.Bf2 1-0